Business Economics / (Record no. 1152)

MARC details
000 -LEADER
Fixed length control field 00459nam a2200181 4500
003 - CONTROL NUMBER IDENTIFIER
Control field SEACOMMC
005 - DATE AND TIME OF LATEST TRANSACTION
Control field 20250509131251.0
008 - FIXED-LENGTH DATA ELEMENTS--GENERAL INFORMATION
Fixed length control field 250326b |||||||| |||| 00| 0 eng d
020 ## - INTERNATIONAL STANDARD BOOK NUMBER / ISBN
International Standard Book Number 978-81-272-5059-1
Price Rs.230.00
040 ## - CATALOGING SOURCE
Original cataloging agency SEACOMMC
082 ## - DEWEY DECIMAL CLASSIFICATION NUMBER
Classification number 330
Book Number L 536
100 ## - MAIN ENTRY--PERSONAL NAME
Personal name Lekhi, R. K
245 1# - TITLE STATEMENT
Title Business Economics /
Statement of responsibility R. K Lekhi
260 ## - IMPRINT
Place of publication Kolkata
Name of publisher Kalyani Publishers
Date of publication c2009
300 ## - PHYSICAL DESCRIPTION
Accompanying material BBA 2nd SEM
650 ## - SUBJECT ADDED ENTRY--TOPICAL TERM
Topical term Economic
942 ## - ADDED ENTRY ELEMENTS (KOHA)
Koha item type Books
Holdings
Withdrawn status Lost status Source of classification Damaged status Not for loan Home library Current library Shelving location Date acquired Total Checkouts Call number Accession number Date last seen Price effective from Koha item type Copy number
    Dewey Decimal Classification     SEACOM MANAGEMENT COLLEGE SEACOM MANAGEMENT COLLEGE Reference 10/02/2010   330 L 536 M-2675 26/03/2025 26/03/2025 Reference Books  
    Dewey Decimal Classification     SEACOM MANAGEMENT COLLEGE SEACOM MANAGEMENT COLLEGE   10/02/2010   330 L 536 M-2676 26/03/2025 26/03/2025 Books 1
    Dewey Decimal Classification     SEACOM MANAGEMENT COLLEGE SEACOM MANAGEMENT COLLEGE   10/02/2010   330 L 536 M-2677 26/03/2025 26/03/2025 Books 2
    Dewey Decimal Classification     SEACOM MANAGEMENT COLLEGE SEACOM MANAGEMENT COLLEGE   10/02/2010   330 L 536 M-2678 26/03/2025 26/03/2025 Books 3
    Dewey Decimal Classification     SEACOM MANAGEMENT COLLEGE SEACOM MANAGEMENT COLLEGE   10/02/2010   330 L 536 M-2679 26/03/2025 26/03/2025 Books 4
    Dewey Decimal Classification     SEACOM MANAGEMENT COLLEGE SEACOM MANAGEMENT COLLEGE   10/02/2010   330 L 536 M-2680 26/03/2025 26/03/2025 Books 5
© Seacom Engineering College, All rights reserved.    Powered by Koha